MARC

LEADER 00000nam0a2200000 4500
001 309388
005 20231102002203.0
035 |a (RuTPU)RU\TPU\book\334710 
090 |a 309388 
100 |a 20151112d1981 k y0rusy50 ca 
101 0 |a rus 
102 |a KZ 
105 |a a z 001zy 
200 1 |a Палинологические исследования в Казахстане  |e сборник статей  |f Казахский научно-исследовательский институт минерального сырья ; под ред. Л. И. Киселева 
210 |a Алма-Ата  |c Изд-во КазИМС  |d 1981 
215 |a 127с.  |c ил. 
320 |a Библиогр. в конце ст. 
606 1 |a Палинология  |2 stltpush  |3 (RuTPU)RU\TPU\subj\48038  |9 66920 
610 1 |a ботаника 
610 1 |a Казахстан 
610 1 |a микрофитофоссилии 
610 1 |a пыльца 
610 1 |a споры 
610 1 |a стратиграфия 
610 1 |a четвертичные отложения 
610 1 |a меловые отложения 
610 1 |a палеоценовые отложения 
610 1 |a палеогеновые отложения 
610 1 |a плиоценовые отложения 
610 1 |a спорово-пыльцевые комплексы 
675 |a 581  |v 4 
702 1 |a Киселев  |b Л. И.  |4 340 
712 0 2 |a Казахский научно-исследовательский институт минерального сырья  |2 stltpush  |3 (RuTPU)RU\TPU\col\8431  |9 24524 
801 1 |a RU  |b 63413507  |c 20151112 
801 2 |a RU  |b 63413507  |c 20161020  |g RCR 
942 |c BK